| 000 | 00405nam a22001697a 4500 | ||
|---|---|---|---|
| 003 | SGT | ||
| 020 | _a9789383635856 | ||
| 082 |
_a615.1 _bH23B |
||
| 100 | _aBALASUBRAMANIAN,S | ||
| 245 | _aHOSPITAL & CLINICAL PHARMACY | ||
| 250 | _a2ND | ||
| 260 |
_aHYDERABAD _bPHARMA MED PRESS _c2023 |
||
| 300 | _a410 | ||
| 650 | _aHOSPITAL PHARMACY | ||
| 653 | _aHOSPITAL , CLINICAL, PHARMACY | ||
| 942 |
_2ddc _cBK _01 |
||
| 999 |
_c27012 _d27012 |
||